Landkreise Deutschlands mit den wenigsten Städten - Statistiken

Allgemein
  • Dieses Quiz wurde 43 mal gespielt
  • Das Durchschnittsergebnis liegt bei 2 aus 12
Antwortstatistiken
Städte Landkreis BL % Korrekt
1 Ammerland NI
39%
0 Garmisch-Partenkirchen BY
39%
1 St. Wendel SL
36%
1 Peine NI
21%
1 Aschaffenburg BY
18%
1 Dachau BY
15%
1 Landsberg am Lech BY
15%
1 Oldenburg NI
15%
1 Osterholz NI
15%
1 Rhein-Pfalz-Kreis RP
15%
1 Schweinfurt BY
12%
1 Starnberg BY
6%
Keine übereinstimmenden Quizze gefunden
Verteilung der Resultate
Anzahl Personen mit jedem Resultat
Perzentil nach korrekt beantworteten Fragen
Ihre Resultats-Entwicklung
Sie haben dieses Quiz noch nicht gespielt